Henry Reed, baby-sitter / (Record no. 9495)

MARC details
000 -LEADER
fixed length control field 01110nam a22002777a 4500
001 - CONTROL NUMBER
control field 9495
003 - CONTROL NUMBER IDENTIFIER
control field FISKH
005 - DATE AND TIME OF LATEST TRANSACTION
control field 20260115095250.0
008 - FIXED-LENGTH DATA ELEMENTS--GENERAL INFORMATION
fixed length control field 260115b cb ||||| |||| 00| 0 eng d
040 ## - CATALOGING SOURCE
Original cataloging agency FISKH
Language of cataloging eng
Transcribing agency FISKH
Modifying agency FISKH
050 ## - LIBRARY OF CONGRESS CALL NUMBER
Classification number PZ7.R547 H
082 ## - DEWEY DECIMAL CLASSIFICATION NUMBER
Classification number 813.5
100 ## - MAIN ENTRY--PERSONAL NAME
Personal name Robertson, Keith
Relator term Author
245 ## - TITLE STATEMENT
Title Henry Reed, baby-sitter /
Statement of responsibility, etc. by Keith Robertson ; illustrated by Harry J. Schaare
260 ## - PUBLICATION, DISTRIBUTION, ETC.
Place of publication, distribution, etc. Chicago :
Name of publisher, distributor, etc. Science Research Associates ,
Date of publication, distribution, etc. 1966
300 ## - PHYSICAL DESCRIPTION
Extent 24 pages :
Other physical details color illustrations ;
Dimensions 21 cm
505 ## - FORMATTED CONTENTS NOTE
Formatted contents note R<br/>
520 ## - SUMMARY, ETC.
Summary, etc. How can Henry Reed earn some money this summer? It's easy, he decides. Baby-sit! So Henry and his friend, Midge Glass, advertise their services as baby-sitters. Henry is happy when the Wittenbergs ask him to sit with their four-year-old son. But then Henry meets Danny Wittenberg...
521 8# - TARGET AUDIENCE NOTE
Target audience note 770<br/>
Source Lexile estimate<br/>
521 8# - TARGET AUDIENCE NOTE
Target audience note R<br/>
Source Raz-Plus<br/>
650 ## - SUBJECT ADDED ENTRY--TOPICAL TERM
Topical term or geographic name entry element Children's fiction
Form subdivision Children's literature
650 ## - SUBJECT ADDED ENTRY--TOPICAL TERM
Topical term or geographic name entry element Babysitting
Form subdivision Realistic fiction
700 ## - ADDED ENTRY--PERSONAL NAME
Personal name Schaare, Harry J.
Relator term Illustrator
942 ## - ADDED ENTRY ELEMENTS (KOHA)
Source of classification or shelving scheme Dewey Decimal Classification
Koha item type Books
Suppress in OPAC No
Holdings
Withdrawn status Lost status Source of classification or shelving scheme Damaged status Not for loan Collection Home library Current library Shelving location Date acquired Total Checkouts Full call number Barcode Date last seen Copy number Price effective from Koha item type
    Dewey Decimal Classification     Juvenile Fiction Footprints International School Library Network Toul Tom Poung Campus Footprints International School Library Network Toul Tom Poung Campus TTP Primary Orange Bookshelves 01/15/2026   ROB 813.5 PZ7.R547 H FISBK04227 01/15/2026 1 01/15/2026 Books